Učitavanje...

The Characteristics Of Effective Organizations

Bibliografski detalji
Glavni autor: Mott, Paul E
Format: Printed Book
Jezik:Undetermined
Izdano: New York: Harper & Row, 1972
Teme:
LEADER 00542nam a2200157Ia 4500
008 200110s9999||||xx |||||||||||||| ||und||
080 |a 301.18  |b MOT-C 
100 |a Mott, Paul E  
245 4 |a The Characteristics Of Effective Organizations 
260 |a New York:  |b Harper & Row,   |c 1972 
300 |a 227 p.  |f PB 
500 |a General 
650 |a The Characteristics Of Effective Organizations  
942 |c BK 
999 |c 257060  |d 257060 
952 |0 0  |1 0  |4 0  |6 301_180000000000000_MOTC  |7 0  |9 272984  |a SOC  |b SOC  |l 0  |o 301.18 MOT-C  |p SOC6661  |r 2020-01-14  |w 2020-01-14  |y BK